000 00586nam a2200193Ia 4500
003 GCL
008 140319s9999 xx 000 0 ara d
040 _aGCL /
_cGCL
082 0 4 _a953.03
_bح ف
100 1 _aحسين احمد عطوان
245 1 0 _aالخلفاء والفقهاء فى العصر الاموى /
_cحسين احمد عطوان
260 _a[S.N] :
_bدار الجيل ،
_c1991
300 _a88 ص
490 _a
650 0 4 _aالتاريخ الاسلامى
650 0 4 _aالدولة الاموية
650 0 4 _aعصر الازدهار
942 _2ddc
_cBK
999 _c53249
_d53249